000 00438nam a22001817a 4500
003 MPLRDC
005 20220104195147.0
008 210129b ||||| |||| 00| 0 eng d
020 _a978-986-173-763-8
082 _a857.7 XC v.1
100 _a鲜橙
245 _a太子妃升职记. 上
_c
250 _a初版一刷
260 _a台湾
_b麦田出版
_c2012
300 _b
650 _a长篇小说
942 _cBK
_o857.7 XC v.1
999 _c66039
_d66029